| 000 | 00583nam a2200181 i 4500 | ||
|---|---|---|---|
| 001 | 140327 | ||
| 003 | ES-MaACL | ||
| 005 | 20250905161326.0 | ||
| 007 | t| | ||
| 008 | 070214s1951 sp r ||||1| spa d | ||
| 100 | 1 |
_aSegura Otaño, Enrique. _9105204 |
|
| 245 | 1 | 0 |
_aBiografías 3 _b: [José López Prudencio, Adolfo Vargas, Francisco Valdés] / _cEnrique Segura. |
| 260 |
_a[S. l. : _bs. n., _c1951] ( _fImp. Arqueros) |
||
| 300 |
_a115 p. ; _c16 cm. |
||
| 600 | 1 | 4 |
_aLópez Prudencio, José, _d1870-1949 _973902 |
| 852 |
_aES-MaACL _jD-5740 _bR.31613 |
||
| 999 |
_c140327 _d140327 |
||